00618cam a22001932 4500001001100000005001700011008004100028020001500069040001500084100003600099245006500135250001300200260003900213300001900252650005000271650006300321700003700384852000300421000001955820151217154433.0110110s xx 000 0 eng d a1405840507 aKABUcKABU1 aMcEldowney, John F.@000017024310aEnvironmental law /cJohn F. McEldowney, Sharron McEldowney. a1st ed. aHarlow, England :bPearson,c2010. axxviii, 391 p. 0aEnvironmental lawzGreat Britain.@0000170244 0aPollutionxLaw and legislationzGreat Britain.@00001702451 aMcEldowney, Sharron.@00001702461